"Assessing Role of Business Incubation Centre for Developing Entrepreneurial Ecosystem in Varanasi, Uttar Pradesh (Record no. 48580)

MARC details
000 -LEADER
fixed length control field 00427nam a22001457a 4500
003 - CONTROL NUMBER IDENTIFIER
control field OSt
008 - FIXED-LENGTH DATA ELEMENTS--GENERAL INFORMATION
fixed length control field 250729b |||||||| |||| 00| 0 eng d
082 ## - DEWEY DECIMAL CLASSIFICATION NUMBER
Classification number 658.4063
Item number D99A
100 ## - MAIN ENTRY--PERSONAL NAME
Personal name Sakshi Dwivedi
245 ## - TITLE STATEMENT
Title "Assessing Role of Business Incubation Centre for Developing Entrepreneurial Ecosystem in Varanasi, Uttar Pradesh
260 ## - PUBLICATION, DISTRIBUTION, ETC. (IMPRINT)
Place of publication, distribution, etc RPCAU, Pusa
Name of publisher, distributor, etc MBA(ABM)
Date of publication, distribution, etc 2023
300 ## - PHYSICAL DESCRIPTION
Extent 79
502 ## - DISSERTATION NOTE
Degree type MBA(ABM)
942 ## - ADDED ENTRY ELEMENTS (KOHA)
Source of classification or shelving scheme
Koha item type Thesis
Holdings
Withdrawn status Lost status Source of classification or shelving scheme Damaged status Not for loan Home library Current library Date acquired Total Checkouts Full call number Barcode Date last seen Bill Date Koha item type
          Dr. Rajendra Prasad Central Agricultural University Pusa, Dr. Rajendra Prasad Central Agricultural University Pusa, 29/07/2025   658.4063 D99A 79286 29/07/2025 29/07/2025 Thesis
Hosted, Implemented, Customized & Maintained by: BestBookBuddies

Powered by Koha